00885 2200313 4500001002100000005001500021035002000036007000300056040001700059100002700076245008800103250001100191300004100202504002800243020002000271041000800291082001000299084001600309090002100325264003400346336002100380337003000401338002300431500003200454650001200486850001000498008004100508990002200549INLIS00000000000745520260602024506 a0010-0822000429ta aSBPUPADbind0 aHans TandraePengarang1 aDiabetes Makan Apa ?? :bBukan Buku Resep /cHans Tandra ;Editor,FI Sigit Suyantoro a.-Ed.1 aviii,120 hlm :billus. ;c15 x 19 cm aBibliografi,Hlm 117-118 a978-979-29-52370 aind a641.5 a641.5 HAN d a641.5 HAN d 20-8 a.--Yogyakarta; :bANDI,c2016 2rdacontentateks 2rdamediaatanpa perantara 2rdacarrieravolume aTentang Penulis,hlm 119-120 4amakanan aPUPAD260602 0  a28.461/P/DPK/2018